The psychology of childhood
Αποθηκεύτηκε σε:
| Κύριος συγγραφέας: | |
|---|---|
| Μορφή: | Βιβλίο |
| Γλώσσα: | English |
| Δημοσίευση: |
London :
Falmer Press,
1992
|
| Σειρά: | Contemporary psychology series (London, England)
|
| Θέματα: | |
| Ετικέτες: |
Προσθήκη ετικέτας
Δεν υπάρχουν, Καταχωρήστε ετικέτα πρώτοι!
|
MARC
| LEADER | 00000nam a2200000 i 4500 | ||
|---|---|---|---|
| 001 | 1/79375 | ||
| 008 | 980210s1992 eng d | ||
| 020 | |a 1-85000950-3 | ||
| 035 | |a 1997 |b 3 |c Αγορά/Βιτσιλάκη |l 10033163 | ||
| 040 | |a GR-MY-UA |b gre |e aacr | ||
| 041 | 0 | |a eng | |
| 082 | 0 | |a 155.4 | |
| 100 | 1 | |a Mitchell, Peter |d 1959- | |
| 245 | 1 | 4 | |a The psychology of childhood / |c Peter Mitchell |
| 260 | |a London : |b Falmer Press, |c 1992 | ||
| 300 | |a 168 p. | ||
| 490 | 1 | |a Contemporary psychology series | |
| 650 | 0 | 0 | |a Developmental psychology. |
| 830 | 0 | |a Contemporary psychology series (London, England) | |
| 852 | |a INST |b RHODES |e 19980210 |h 155.4 MIT |p 005400011304 |q 005400011304 |t BK |y 0 | ||
| 901 | |a BIBL-1998-1 | ||
| 909 | |a Ρ |b 052733 |c 1997 | ||